000 00683nam a2200205 i 4500
001 80596
003 ES-MaACL
005 20240521134254.0
007 t|
008 041028s1955 sp ||||1| spa d
080 _a821.111(73)-31.09"19"
100 1 _aHoffman, Frederick J.
_963943
245 1 3 _aLa novela moderna en Norteamérica, 1900-1950 /
_cFrederick J. Hoffman ; traducción y prólogo de José Mª Castellet.
260 _aBarcelona :
_bSeix y Barral,
_c1955.
300 _a241 p. ;
_c18 cm.
650 0 4 _aNovela norteamericana-
_xHistoria y crítica.
_915624
700 1 _aCastellet, J. M.,
_d1926-2014
_9156498
852 _aES-MaACL
_jC-10687
999 _c80596
_d80596